000 02861nam a22002897a 4500
003 OSt
005 20210219230024.0
008 210219s1995 ck ao||gr|||| 00| 0dspa d
020 _a958614481x
040 _aCO-JMCR
_cCO-JMCR
041 0 _aspa
082 0 4 _a070.4 /
_bA388c
_223
100 1 _aAlfonso, Juan Carlos,
_eautor
_913725
245 1 0 _aCómo nos ven los corresponsales extranjeros /
_cJuan Carlos Alfonso, David Benson, Sylviane Bourgeteau [y 7 más]
250 _aPrimera edición
260 _aBogotá :
_bPlaneta,
_c1995
300 _a217 páginas :
_bilustraciones y fotografías a blanco y negro ;
_c21 cm.
490 0 _aColección documento
500 _aIncluye datos biográficos de los autores. "Diez informes profundos, a veces crudos, a veces irreverentes, que descubren con la fresca mirada del extraño una Colombia que de tanto verla nos hemos acostumbrado a ignorar"--Tapa
505 0 _tLa mujer colombiana /
_rGuido Piccoli
_t"La culpable" de todas mis angustias reflexiones sobre la mujer colombiana, desde el punto de vista de un despechado /
_rJimmy Weiskopf
_tEl hombre colombiano. Media naranja...Amarga /
_rSylviane Bourgeteau
_tCómo viajar por las carreteras de Colombia /
_rDavid Benson
_tAmazonas en busca de bufeos /
_rSarita Kendall
_tLa rumba en Colombia /
_rJuan Carlos Alfonso
_tRetratos de los invisibles /
_rTimothy Ross
_tEl humor colombiano. Un país muerto de la risa /
_rTom Quinn
_tColombia, una nación civilizada donde la muerte nunca se va de vacaciones /
_rDavid Lloyd Marcus
_tLos muertos que nacen ya olvidados /
_rLeslie Wirpsa
520 3 _aDiez periodistas extranjeros tratan diez temas distintos. Los temas son todos colombianos, pero los enfoques resultan bien diferentes. Cinco de los periodistas son norteamericanos, uno cubano, uno britanico, una brasileña de ascendencia inglesa, un italiano y una francesa. Ellos escriben (o publican sus fotografías) en Le Monde, Time, News &World Report, Der Spiegel, The San Francisco Chronicle, The Miami Herald, The Dallas Morning News, Granma, Liberation, Financial Times, la RAI, Business Week y otros medios. En sus textos hay de todo. Verdades amargas sobre la epidémica violencia colombiana, sobre la corrupción, la miseria y el caos, vistas con el asombro con que ya sólo puede ver estos estigmas un ojo extranjero. Pero también están aquí sorprendentes radiografías sobre el hombre colombiano, sobre la mujer, el humor, el despecho, los "desechables", los delfines del Amazonas, nuestra desenfrenada manera de rumbear o el difícil arte de manejar en Colombia. Un libro deliciosamente agridulce como el desamargado valluno.
650 1 4 _aCorresponsales extranjeros
_913726
650 1 4 _aPeriodismo
_zColombia
_913727
700 1 _aBenson, David,
_eautor
_913728
700 1 _aBourgeteau, Sylviane,
_eautora
_913729
942 _2ddc
_cBK
999 _c7263
_d7263